Statistics for Nonsense Words #1

Click here to take the quiz!

General Stats

  • This quiz has been taken 432 times
    (321 since last reset)
  • The average score is 8 of 13

Answer Stats

Answer% Correct
Marathonestly
80%
Cilantrombone
78%
Zeppelinguine
76%
Pentagondolas
74%
Ancestortoise
73%
Elephantelope
70%
Dystopianists
64%
Momentumbling
62%
Botswanaconda
57%
Historicochet
56%
Squirrelevant
49%
Footpathletic
49%
Scimitarragon
33%

Score Distribution

Percentile by Number Answered

Percent of People with Each Score

Your Score History

You have not taken this quiz since the last reset